| 000 | | | 03673nmc2a22002413x 450 |
| 001 | | | b7dcee13-1a8d-41ff-924c-25c6e5e4cc9f |
| 005 | | | 20210429022923.0 |
| 100 | ## | $a | 20201222l19121916k l0rusy0189 ca |
| 101 | 0# | $a | rus |
| 102 | ## | $a | RU |
| 105 | ## | $a | y### |
| 122 | 2# | $a | d |
| 200 | 1# | $a | Финансовый план введения всеобщего обучения в городе Макарьеве Костромской губернии Московского учебного округа |
| | $j | 21 ноября 1912 г. - 1916 г. |
| 215 | ## | $a | 14 л. |
| | $d | 38,5х24,5 см |
| 251 | ## | $c | Дело |
| 300 | ## | $a | Дело |
| 371 | ## | $a | Документ не является опубликованным и широко распространяемым |
| 461 | #0 | $1 | 001a74412a3-3cc5-4d21-8f0a-dfe2fbd9e72d |
| | $1 | 2001 |
| | $a | Департамент народного просвещения Министерства народного просвещения |
| | $1 | 251 |
| | $c | Фонд |
| | $1 | 852 |
| | $j | 733 |
| 462 | #0 | $1 | 00173c1669c-51d1-410e-a12d-e121acdd6a9e |
| | $1 | 2001 |
| | $a | Дела о школьных сетях и финансовые планы |
| | $1 | 251 |
| | $c | Опись |
| | $1 | 852 |
| | $j | 187 |
| 801 | #0 | $a | RU |
| | $b | РГИА |
| | $c | 20201222 |
| | $g | RCR |
| 801 | #1 | $a | RU |
| | $b | ГлавНИВЦ |
| | $c | 20201222 |
| | $2 | rusmarc |
| 801 | #2 | $a | RU |
| | $b | ПБ им. Б.Н. Ельцина |
| | $c | 20210429 |
| | $g | RCR |
| | $2 | rusmarc |
| 850 | ## | $a | РГИА |
| 852 | ## | $a | РГИА |
| | $e | Федеральное казенное учреждение "Российский государственный исторический архив" (РГИА) |
| | $j | 226 |
| 937 | ## | $h | РГИА |
| | $d | 12356905 |
| | $a | ASBIBLIO_SCAN |
| 035 | ## | $a | RusGRCC00020179 |
| 856 | ## | $u | http://readingroom.main.prlib.ru/item.aspx?id_node=n163898247&mode=full |